Web security, privacy and commerce / (Record no. 19364)
[ view plain ]
| 000 -LEADER | |
|---|---|
| fixed length control field | 01119cam a22003255a 4500 |
| 001 - CONTROL NUMBER | |
| control field | 12546340 |
| 005 - DATE AND TIME OF LATEST TRANSACTION | |
| control field | 20150525152635.0 |
| 008 - FIXED-LENGTH DATA ELEMENTS--GENERAL INFORMATION | |
| fixed length control field | 010926t2002 caua frb 001 0 eng d |
| 020 ## - INTERNATIONAL STANDARD BOOK NUMBER | |
| International Standard Book Number | 9780596000455 |
| 040 ## - CATALOGING SOURCE | |
| Original cataloging agency | DLC |
| Language of cataloging | eng |
| Transcribing agency | DLC |
| Modifying agency | DLC |
| -- | EG-ScBUE |
| 082 04 - DEWEY DECIMAL CLASSIFICATION NUMBER | |
| Classification number | 005.8 |
| Item number | GAR |
| Edition number | 22 |
| 100 1# - MAIN ENTRY--PERSONAL NAME | |
| Personal name | Garfinkel, Simson. |
| 9 (RLIN) | 38066 |
| 245 10 - TITLE STATEMENT | |
| Title | Web security, privacy and commerce / |
| Statement of responsibility, etc | Simson Garfinkel with Gene Spafford. |
| 246 34 - VARYING FORM OF TITLE | |
| Title proper/short title | Web security, privacy & commerce |
| 250 ## - EDITION STATEMENT | |
| Edition statement | 2nd ed., expanded & updated. |
| 260 ## - PUBLICATION, DISTRIBUTION, ETC. (IMPRINT) | |
| Place of publication, distribution, etc | California : |
| Name of publisher, distributor, etc | O'Reilly Media, |
| Date of publication, distribution, etc | c.2002. |
| 300 ## - PHYSICAL DESCRIPTION | |
| Extent | xxviii, 756 p. : |
| Other physical details | ill. : |
| Dimensions | 24 cm. |
| 500 ## - GENERAL NOTE | |
| General note | Rev. ed. of : Web security & commerce. 1997. |
| 500 ## - GENERAL NOTE | |
| General note | Security for users, administrators & ISPs. |
| 500 ## - GENERAL NOTE | |
| General note | Index : p. 735-756 |
| 504 ## - BIBLIOGRAPHY, ETC. NOTE | |
| Bibliography, etc | Bibliography : p. 716-734. |
| 650 #0 - SUBJECT ADDED ENTRY--TOPICAL TERM | |
| Topical term or geographic name as entry element | Web sites |
| General subdivision | Security measures. |
| Source of heading or term | BUEsh |
| 650 #0 - SUBJECT ADDED ENTRY--TOPICAL TERM | |
| Topical term or geographic name as entry element | Computer networks |
| General subdivision | Security measures. |
| Source of heading or term | BUEsh |
| 650 #0 - SUBJECT ADDED ENTRY--TOPICAL TERM | |
| Topical term or geographic name as entry element | World Wide Web |
| General subdivision | Security measures. |
| Source of heading or term | BUEsh |
| 651 ## - SUBJECT ADDED ENTRY--GEOGRAPHIC NAME | |
| Source of heading or term | BUEsh |
| 653 ## - INDEX TERM--UNCONTROLLED | |
| Resource For college | Informatics and Computer Science |
| Arrived date list | May2015 |
| 655 ## - INDEX TERM--GENRE/FORM | |
| Form subdivision | |
| -- | 34232 |
| 700 1# - ADDED ENTRY--PERSONAL NAME | |
| Personal name | Spafford, Gene. |
| 942 ## - ADDED ENTRY ELEMENTS (KOHA) | |
| Source of classification or shelving scheme | Dewey Decimal Classification |
| Call number prefix | 005.8 GAR |
| Withdrawn status | Item status | Source of classification or shelving scheme | Damaged status | Not for loan | Vendor | Home library | Current library | Shelving location | Date acquired | Source of acquisition | Cost, normal purchase price | Serial Enumeration / chronology | Total Checkouts | Full call number | Barcode | Date last seen | Cost, replacement price | Koha item type | Date last borrowed |
|---|---|---|---|---|---|---|---|---|---|---|---|---|---|---|---|---|---|---|---|
| Dewey Decimal Classification | Baccah | Central Library | Central Library | Lower Floor | 18/05/2015 | 270.00 | 22353 | 005.8 GAR | 000038233 | 15/07/2025 | 337.00 | Book - Borrowing | |||||||
| Dewey Decimal Classification | Baccah | Central Library | Central Library | Lower Floor | 18/05/2015 | 270.00 | 22353 | 1 | 005.8 GAR | 000038234 | 15/07/2025 | 337.00 | Book - Borrowing | 09/11/2015 | |||||
| Dewey Decimal Classification | Baccah | Central Library | Central Library | Lower Floor | 25/05/2015 | 270.00 | 22353 | 005.8 GAR | 000038310 | 15/07/2025 | 337.00 | Book - Borrowing |